000 00197nam a2200085Ia 4500
008 120527s9999 xx 000 0 und d
100 _aFarley, J.
245 _aMajority-minority relation
942 _cBK
999 _c27376
_d27376